<?xml version="1.0" encoding="UTF-8"?>
<record
    xmlns:xsi="http://www.w3.org/2001/XMLSchema-instance"
    xsi:schemaLocation="http://www.loc.gov/MARC21/slim http://www.loc.gov/standards/marcxml/schema/MARC21slim.xsd"
    xmlns="http://www.loc.gov/MARC21/slim">

  <leader>02446nam a22002657a 4500</leader>
  <controlfield tag="003">Uzh_bibl</controlfield>
  <controlfield tag="008">260514b        |||||||| |||| 00| 0 ukr d</controlfield>
  <datafield tag="020" ind1=" " ind2=" ">
    <subfield code="a">978-066-03-7019-7</subfield>
    <subfield code="c">300.00</subfield>
  </datafield>
  <datafield tag="040" ind1=" " ind2=" ">
    <subfield code="b">&#x443;&#x43A;&#x440;.</subfield>
  </datafield>
  <datafield tag="041" ind1=" " ind2=" ">
    <subfield code="2">fre</subfield>
    <subfield code="a">ukr</subfield>
  </datafield>
  <datafield tag="080" ind1=" " ind2=" ">
    <subfield code="a">821(44)</subfield>
  </datafield>
  <datafield tag="090" ind1=" " ind2=" ">
    <subfield code="a">821(44)</subfield>
    <subfield code="b">&#x428; 20</subfield>
  </datafield>
  <datafield tag="100" ind1=" " ind2=" ">
    <subfield code="a">&#x428;&#x430;&#x442;&#x43E;&#x431;&#x440;&#x456;&#x430;&#x43D;,&#x424;&#x440;&#x430;&#x43D;&#x441;&#x443;&#x430; &#x420;&#x435;&#x43D;&#x435; </subfield>
  </datafield>
  <datafield tag="245" ind1=" " ind2=" ">
    <subfield code="a">&#x417;&#x430;&#x43C;&#x43E;&#x433;&#x438;&#x43B;&#x44C;&#x43D;&#x456; &#x437;&#x430;&#x43F;&#x438;&#x441;&#x43A;&#x438;</subfield>
    <subfield code="c">&#x43F;&#x435;&#x440;. &#x437; &#x444;&#x440;.&#x412;. &#x412;&#x435;&#x440;&#x445;&#x43E;&#x432;&#x435;&#x43D;&#x44C;</subfield>
    <subfield code="h">&#x422;&#x435;&#x43A;&#x441;&#x442;</subfield>
  </datafield>
  <datafield tag="260" ind1=" " ind2=" ">
    <subfield code="a">&#x425;&#x430;&#x440;&#x43A;&#x456;&#x432;</subfield>
    <subfield code="b">&#x424;&#x43E;&#x43B;&#x456;&#x43E;</subfield>
    <subfield code="c">2014</subfield>
  </datafield>
  <datafield tag="300" ind1=" " ind2=" ">
    <subfield code="a">794 &#x441;.</subfield>
    <subfield code="f">&#x412; &#x43E;&#x43F;&#x440;.</subfield>
  </datafield>
  <datafield tag="490" ind1=" " ind2=" ">
    <subfield code="a">&#x421;&#x435;&#x440;&#x456;&#x44F;"&#x411;&#x456;&#x431;&#x43B;&#x456;&#x43E;&#x442;&#x435;&#x43A;&#x430; &#x441;&#x432;&#x456;&#x442;&#x43E;&#x432;&#x43E;&#x457; &#x43B;&#x456;&#x442;&#x435;&#x440;&#x430;&#x442;&#x443;&#x440;&#x438;"</subfield>
  </datafield>
  <datafield tag="520" ind1=" " ind2=" ">
    <subfield code="a">&#x424;&#x440;&#x430;&#x43D;&#x441;&#x443;&#x430; &#x420;&#x435;&#x43D;&#x435; &#x434;&#x435; &#x428;&#x430;&#x442;&#x43E;&#x431;&#x440;&#x456;&#x430;&#x43D; (1768&#x2014;1848) &#x2014; &#x432;&#x456;&#x434;&#x43E;&#x43C;&#x438;&#x439; &#x444;&#x440;&#x430;&#x43D;&#x446;&#x443;&#x437;&#x44C;&#x43A;&#x438;&#x439; &#x43F;&#x438;&#x441;&#x44C;&#x43C;&#x435;&#x43D;&#x43D;&#x438;&#x43A;, &#xAB;&#x431;&#x430;&#x442;&#x44C;&#x43A;&#x43E; &#x440;&#x43E;&#x43C;&#x430;&#x43D;&#x442;&#x438;&#x437;&#x43C;&#x443;&#xBB;, &#x434;&#x435;&#x440;&#x436;&#x430;&#x432;&#x43D;&#x438;&#x439; &#x434;&#x456;&#x44F;&#x447;, &#x449;&#x43E; &#x432;&#x438;&#x441;&#x442;&#x443;&#x43F;&#x430;&#x432; &#x43F;&#x440;&#x43E;&#x442;&#x438; &#x41D;&#x430;&#x43F;&#x43E;&#x43B;&#x435;&#x43E;&#x43D;&#x430;, &#x434;&#x430;&#x432;&#x430;&#x432; &#x43F;&#x43E;&#x440;&#x430;&#x434;&#x438; &#x41B;&#x44E;&#x434;&#x43E;&#x432;&#x456;&#x43A;&#x443; XVIII, &#x432;&#x456;&#x434;&#x43C;&#x43E;&#x432;&#x43B;&#x44F;&#x432;&#x441;&#x44F; &#x432;&#x456;&#x434; &#x441;&#x43F;&#x456;&#x432;&#x43F;&#x440;&#x430;&#x446;&#x456; &#x437; &#x456;&#x43D;&#x448;&#x438;&#x43C; &#x444;&#x440;&#x430;&#x43D;&#x446;&#x443;&#x437;&#x44C;&#x43A;&#x438;&#x43C; &#x43A;&#x43E;&#x440;&#x43E;&#x43B;&#x435;&#x43C; &#x2014; &#x41B;&#x443;&#x457;-&#x424;&#x456;&#x43B;&#x456;&#x43F;&#x43E;&#x43C; (&#x43D;&#x435;&#x437;&#x432;&#x430;&#x436;&#x430;&#x44E;&#x447;&#x438; &#x43D;&#x430; &#x43D;&#x430;&#x441;&#x442;&#x456;&#x439;&#x43B;&#x438;&#x432;&#x456; &#x43F;&#x440;&#x43E;&#x445;&#x430;&#x43D;&#x43D;&#x44F;) &#x456; &#x432;&#x438;&#x43A;&#x43E;&#x43D;&#x443;&#x432;&#x430;&#x432; &#x442;&#x430;&#x454;&#x43C;&#x43D;&#x456; &#x434;&#x43E;&#x440;&#x443;&#x447;&#x435;&#x43D;&#x43D;&#x44F; &#x43C;&#x430;&#x442;&#x435;&#x440;&#x456; &#x432;&#x438;&#x433;&#x43D;&#x430;&#x43D;&#x43E;&#x433;&#x43E; &#x441;&#x43F;&#x430;&#x434;&#x43A;&#x43E;&#x454;&#x43C;&#x446;&#x44F; &#x43F;&#x440;&#x435;&#x441;&#x442;&#x43E;&#x43B;&#x443; &#x2014; &#x433;&#x435;&#x440;&#x446;&#x43E;&#x433;&#x438;&#x43D;&#x456; &#x411;&#x435;&#x440;&#x440;&#x456;&#x439;&#x441;&#x44C;&#x43A;&#x43E;&#x457;. &#xAB;&#x417;&#x430;&#x43C;&#x43E;&#x433;&#x438;&#x43B;&#x44C;&#x43D;&#x456; &#x437;&#x430;&#x43F;&#x438;&#x441;&#x43A;&#x438;&#xBB;, &#x44F;&#x43A;&#x456; &#x428;&#x430;&#x442;&#x43E;&#x431;&#x440;&#x456;&#x430;&#x43D; &#x434;&#x43E;&#x437;&#x432;&#x43E;&#x43B;&#x438;&#x432; &#x43E;&#x43F;&#x443;&#x431;&#x43B;&#x456;&#x43A;&#x443;&#x432;&#x430;&#x442;&#x438; &#x43B;&#x438;&#x448;&#x435; &#x43F;&#x456;&#x441;&#x43B;&#x44F; &#x441;&#x432;&#x43E;&#x454;&#x457; &#x441;&#x43C;&#x435;&#x440;&#x442;&#x456;, &#x2014; &#x437;&#x430; &#x436;&#x430;&#x43D;&#x440;&#x43E;&#x43C; &#x437;&#x432;&#x438;&#x447;&#x430;&#x439;&#x43D;&#x430; &#x430;&#x432;&#x442;&#x43E;&#x431;&#x456;&#x43E;&#x433;&#x440;&#x430;&#x444;&#x456;&#x44F;, &#x442;&#x430; &#x432;&#x43E;&#x434;&#x43D;&#x43E;&#x447;&#x430;&#x441; &#x446;&#x435; &#x433;&#x440;&#x430;&#x43D;&#x434;&#x456;&#x43E;&#x437;&#x43D;&#x430; &#x456;&#x441;&#x442;&#x43E;&#x440;&#x438;&#x447;&#x43D;&#x430; &#x445;&#x440;&#x43E;&#x43D;&#x456;&#x43A;&#x430;, &#x432; &#x44F;&#x43A;&#x456;&#x439; &#x456;&#x434;&#x435;&#x442;&#x44C;&#x441;&#x44F; &#x43F;&#x440;&#x43E; &#x43E;&#x434;&#x438;&#x43D; &#x437; &#x43D;&#x430;&#x439;&#x431;&#x443;&#x440;&#x445;&#x43B;&#x438;&#x432;&#x456;&#x448;&#x438;&#x445; &#x43F;&#x435;&#x440;&#x456;&#x43E;&#x434;&#x456;&#x432; &#x432; &#x456;&#x441;&#x442;&#x43E;&#x440;&#x456;&#x457; &#x424;&#x440;&#x430;&#x43D;&#x446;&#x456;&#x457; (&#x420;&#x435;&#x432;&#x43E;&#x43B;&#x44E;&#x446;&#x456;&#x44F;, &#x406;&#x43C;&#x43F;&#x435;&#x440;&#x456;&#x44F;, &#x420;&#x435;&#x441;&#x442;&#x430;&#x432;&#x440;&#x430;&#x446;&#x456;&#x44F;, &#x421;&#x442;&#x43E; &#x434;&#x43D;&#x456;&#x432;, &#x434;&#x440;&#x443;&#x433;&#x430; &#x420;&#x435;&#x441;&#x442;&#x430;&#x432;&#x440;&#x430;&#x446;&#x456;&#x44F;, &#x41B;&#x438;&#x43F;&#x43D;&#x435;&#x432;&#x430; &#x43C;&#x43E;&#x43D;&#x430;&#x440;&#x445;&#x456;&#x44F;), &#x437;&#x43C;&#x430;&#x43B;&#x44C;&#x43E;&#x432;&#x430;&#x43D;&#x43E; &#x43F;&#x43E;&#x440;&#x442;&#x440;&#x435;&#x442;&#x438; &#x41C;&#x456;&#x440;&#x430;&#x431;&#x43E; &#x456; &#x41B;&#x430;&#x444;&#x430;&#x454;&#x442;&#x430;, &#x422;&#x430;&#x43B;&#x435;&#x439;&#x440;&#x430;&#x43D;&#x430; &#x456; &#x41D;&#x430;&#x43F;&#x43E;&#x43B;&#x435;&#x43E;&#x43D;&#x430;, &#x43E;&#x43F;&#x438;&#x441;&#x430;&#x43D;&#x43E; &#x41D;&#x456;&#x430;&#x433;&#x430;&#x440;&#x441;&#x44C;&#x43A;&#x438;&#x439; &#x432;&#x43E;&#x434;&#x43E;&#x441;&#x43F;&#x430;&#x434; &#x456; &#x448;&#x432;&#x435;&#x439;&#x446;&#x430;&#x440;&#x441;&#x44C;&#x43A;&#x456; &#x410;&#x43B;&#x44C;&#x43F;&#x438;, &#x41B;&#x43E;&#x43D;&#x434;&#x43E;&#x43D; 1794-&#x433;&#x43E;, &#x420;&#x438;&#x43C; 1829-&#x433;&#x43E; &#x456; &#x41F;&#x430;&#x440;&#x438;&#x436; 1830 &#x440;&#x43E;&#x43A;&#x443;&#x2026;</subfield>
  </datafield>
  <datafield tag="521" ind1=" " ind2=" ">
    <subfield code="a">&#x414;&#x43B;&#x44F; &#x448;&#x438;&#x440;&#x43E;&#x43A;&#x43E;&#x433;&#x43E; &#x43A;&#x43E;&#x43B;&#x430; &#x447;&#x438;&#x442;&#x430;&#x447;&#x456;&#x432;</subfield>
  </datafield>
  <datafield tag="546" ind1=" " ind2=" ">
    <subfield code="a">&#x443;&#x43A;&#x440;.</subfield>
  </datafield>
  <datafield tag="650" ind1=" " ind2=" ">
    <subfield code="a">&#x41B;&#x456;&#x442;&#x435;&#x440;&#x430;&#x442;&#x443;&#x440;&#x43D;&#x43E;-&#x445;&#x443;&#x434;&#x43E;&#x436;&#x43D;&#x435; &#x432;&#x438;&#x434;&#x430;&#x43D;&#x43D;&#x44F;</subfield>
  </datafield>
  <datafield tag="653" ind1=" " ind2=" ">
    <subfield code="a">&#x410;&#x432;&#x442;&#x43E;&#x431;&#x456;&#x43E;&#x433;&#x440;&#x430;&#x444;&#x456;&#x44F;</subfield>
    <subfield code="a">&#x406;&#x441;&#x442;&#x43E;&#x440;&#x438;&#x447;&#x43D;&#x430; &#x445;&#x440;&#x43E;&#x43D;&#x456;&#x43A;&#x430;</subfield>
  </datafield>
  <datafield tag="655" ind1=" " ind2=" ">
    <subfield code="a">&#x417;&#x430;&#x440;&#x443;&#x431;&#x456;&#x436;&#x43D;&#x430; &#x43A;&#x43B;&#x430;&#x441;&#x438;&#x43A;&#x430;</subfield>
  </datafield>
  <datafield tag="942" ind1=" " ind2=" ">
    <subfield code="2">udc</subfield>
    <subfield code="c">BK</subfield>
  </datafield>
  <datafield tag="999" ind1=" " ind2=" ">
    <subfield code="c">17765</subfield>
    <subfield code="d">17765</subfield>
  </datafield>
  <datafield tag="952" ind1=" " ind2=" ">
    <subfield code="0">0</subfield>
    <subfield code="1">0</subfield>
    <subfield code="2">udc</subfield>
    <subfield code="4">0</subfield>
    <subfield code="7">0</subfield>
    <subfield code="a">MBdD</subfield>
    <subfield code="b">MBdD</subfield>
    <subfield code="d">2026-04-23</subfield>
    <subfield code="e">&#x41F;&#x43E;&#x434;&#x430;&#x440;&#x43E;&#x432;&#x430;&#x43D;&#x456;</subfield>
    <subfield code="i">80917</subfield>
    <subfield code="l">0</subfield>
    <subfield code="o">821(44)</subfield>
    <subfield code="p">19378</subfield>
    <subfield code="r">2026-05-14</subfield>
    <subfield code="w">2026-05-14</subfield>
    <subfield code="y">BK</subfield>
  </datafield>
</record>
